00422nam a22001577a 450000500170000000800410001702000180005804000210007604100080009708200150010510000300012024500510015026000320020130000100023365000210024320211117134236.0211117b ||||| |||| 00| 0 eng d a8754213503452 aIN-DiNCcIN-DiNC deng a371.4bAGA aAgarwalla, Sunitaeauthor aGuidance and counselling/cby Sunita Agarwalla aDibrugarh:bMahaveer,c2019 a126p. aStudent guidance